| 000 | 01409nma a22003017a 4500 | ||
|---|---|---|---|
| 005 | 20210325190619.0 | ||
| 006 | g q || | ||
| 008 | s2545 th thaeng | ||
| 041 | _athaeng | ||
| 090 | _aOCD76 | ||
| 245 | 1 | 0 | _aฝ่าวิกฤติสงครามก่อการร้าย : ตอนที่ 1 ความขัดแย้งของมนุษยชาติ [CD-ROM] |
| 260 | 3 |
_aกรุงเทพฯ : _bแมงป่อง, _c2545 |
|
| 300 | _a1 แผ่นSoundColour | ||
| 650 | 0 | 4 | _aกลุ่มกบฎชาวบาส์ก์ |
| 650 | 0 | 4 | _aการก่อการร้าย -- วิจัย |
| 650 | 0 | 4 | _aการก่อการร้าย -- ยุโรป |
| 650 | 0 | 4 | _aขบวนการไออาร์เอ |
| 650 | 0 | 4 | _aความขัดแย้งทางสังคม |
| 650 | 0 | 4 | _aชนกลุ่มน้อย |
| 650 | 0 | 4 | _aตะวันออกกลาง -- ปัญหาชนกลุ่มน้อย |
| 650 | 0 | 4 | _aตะวันออกกลาง -- ปัญหาเชื้อชาติ |
| 650 | 0 | 4 | _aยุโรป -- ปัญหาชนกลุ่มน้อย |
| 650 | 0 | 4 | _aยุโรป -- ปัญหาเชื้อชาติ |
| 850 | _aNALT | ||
| 942 | _cCD | ||
| 997 |
_c000000000025955 _kVC |
||
| 998 | _aSANG-AROON ANU-KRAUGH | ||
| 999 |
_c25955 _d25955 |
||